[Event "La Roda op 48th"]
[Site "La Roda"]
[Date "2022.04.16"]
[Round "6"]
[White "Pomes Marcet, Juan"]
[Black "Machado Hernandez, Junior"]
[Result "1-0"]
[WhiteElo "2239"]
[BlackElo "2015"]
[PlyCount "57"]
[EventDate "2022.04.13"]
[EventType "swiss"]
[EventRounds "9"]
[EventCountry "ESP"]
[SourceTitle "CBM 207 Extra"]
[Source "ChessBase"]
[SourceDate "2022.05.31"]
[SourceVersion "1"]
[SourceVersionDate "2022.05.31"]
[SourceQuality "1"]

1. d4 Nf6 2. c4 e6 3. Nc3 c5 4. d5 exd5 5. cxd5 d6 6. e4 g6 7. Bd3 Bg7 8. Nge2 0-0 9. 0-0 Re8 10. Ng3 a6 11. a4 Qc7 12. f3 Nbd7 13. Be3 h5 14. Qd2 Kh7 15. Bg5 c4 16. Bc2 Ne5 17. f4 Neg4 18. Rae1 b5 19. h3 b4 20. Nd1 Qc5+ 21. Kh1 Nh6 22. e5 Nxd5 23. Ne4 Qc6 24. Nxd6 Rf8 25. Be4 Be6 26. Ne3 c3 27. Qd3 Qxa4 28. Nxd5 cxb2 29. Nb6 1-0

[Event "Almansa op 6th"]
[Site "Almansa"]
[Date "2011.08.10"]
[Round "3"]
[White "Machado Hernandez, Junior"]
[Black "Laliena Solanes, Luis M"]
[Result "0-1"]
[WhiteElo "2048"]
[BlackElo "2197"]
[PlyCount "68"]
[EventDate "2011.08.09"]
[EventType "swiss"]
[EventRounds "9"]
[EventCountry "ESP"]
[SourceTitle "CBM 144 Extra"]
[Source "ChessBase"]
[SourceDate "2011.10.28"]
[SourceVersion "1"]
[SourceVersionDate "2011.10.28"]
[SourceQuality "1"]

1. e4 c6 2. d4 d5 3. e5 c5 4. c3 Nc6 5. Nf3 Bg4 6. Be2 e6 7. 0-0 cxd4 8. Nxd4 Bxe2 9. Qxe2 Nge7 10. f4 Nxd4 11. cxd4 Nf5 12. Qb5+ Qd7 13. Qd3 Rc8 14. Be3 h5 15. Nc3 Bb4 16. Rac1 0-0 17. Ne2 Rxc1 18. Bxc1 Rc8 19. Bd2 Qa4 20. b3 Qa5 21. Rd1 Bxd2 22. Qxd2 Qb5 23. Ng3 Nxg3 24. hxg3 Qc6 25. Qe2 g6 26. Rd2 b5 27. Kh2 a6 28. Kh3 Qc3 29. Kh2 Qc1 30. Qf2 Qb1 31. g4 hxg4 32. Qh4 Qf5 33. Qf6 Qh5+ 34. Kg1 g3 0-1

[Event "La Roda op 35th"]
[Site "La Roda"]
[Date "2008.03.19"]
[Round "1"]
[White "Machado Hernandez, Junior"]
[Black "Almeida Quintana, Omar"]
[Result "0-1"]
[WhiteElo "1995"]
[BlackElo "2500"]
[PlyCount "104"]
[EventDate "2008.03.19"]
[EventType "swiss"]
[EventRounds "9"]
[EventCountry "ESP"]
[SourceTitle "CBM 123 Extra"]
[Source "ChessBase"]
[SourceDate "2008.05.06"]
[SourceVersion "1"]
[SourceVersionDate "2008.05.06"]
[SourceQuality "1"]

1. e4 c5 2. Nf3 e6 3. d4 cxd4 4. Nxd4 a6 5. Be2 Nf6 6. Bf3 Qc7 7. 0-0 d6 8. Nc3 Nbd7 9. Be3 Be7 10. a4 Ne5 11. Be2 b6 12. f4 Ned7 13. Bf3 Bb7 14. Nb3 h5 15. Qe2 Rc8 16. Rad1 Qb8 17. Bd4 e5 18. fxe5 dxe5 19. Bf2 Qc7 20. Rd3 Nc5 21. Nxc5 Bxc5 22. Bxc5 Qxc5+ 23. Kh1 h4 24. Bg4 Rc7 25. Nd5 Bxd5 26. exd5 Qd6 27. Re3 0-0 28. c4 e4 29. Bf5 Re8 30. b3 Qc5 31. Re1 Rce7 32. Qf2 Re5 33. Bh3 b5 34. Qxh4 bxc4 35. bxc4 Qxc4 36. d6 Qd4 37. d7 Nxd7 38. Bxd7 Qxd7 39. Rh3 f6 40. Qh7+ Kf8 41. Qg6 Qf7 42. Rh8+ Ke7 43. Rxe8+ Kxe8 44. Qxf7+ Kxf7 45. Kg1 f5 46. Kf2 Ra5 47. Ra1 Kf6 48. Ke3 Ke5 49. g3 g5 50. h4 gxh4 51. gxh4 Rc5 52. Rh1 Rc2 0-1

[Event "Albacete op 15th"]
[Site "Albacete"]
[Date "2007.09.04"]
[Round "4"]
[White "Quidiello Prado, Manuel Rogelio"]
[Black "Machado Hernandez, Junior"]
[Result "1-0"]
[WhiteElo "2207"]
[BlackElo "2022"]
[PlyCount "103"]
[EventDate "2007.09.02"]
[EventType "swiss"]
[EventRounds "9"]
[EventCountry "ESP"]
[SourceTitle "CBM 120 Extra"]
[Source "ChessBase"]
[SourceDate "2007.11.01"]
[SourceVersion "1"]
[SourceVersionDate "2007.11.01"]
[SourceQuality "1"]

1. d4 Nf6 2. c4 g6 3. Nc3 d6 4. e4 Bg7 5. f3 0-0 6. Be3 Na6 7. Qd2 e5 8. d5 Bd7 9. Bd3 c6 10. a3 c5 11. Nge2 Nc7 12. b4 b6 13. Rb1 Rb8 14. Rb2 Qe7 15. Bc2 Rfe8 16. 0-0 Qf8 17. Rfb1 a6 18. bxc5 bxc5 19. Rb7 Na8 20. Ba4 Rxb7 21. Rxb7 Rb8 22. Rxd7 Nxd7 23. Bxd7 Nb6 24. Ba4 Nxc4 25. Qd3 Nxe3 26. Qxe3 Qd8 27. Qc1 Qh4 28. g3 Qh3 29. Nd1 Bh6 30. Qc2 Qc8 31. Kg2 Qc7 32. Nb2 Be3 33. Nc4 Bd4 34. Qc1 Kg7 35. Bc2 h5 36. h4 Qd8 37. Qd2 Rb5 38. Nc1 f6 39. Nb3 g5 40. Nba5 gxh4 41. gxh4 f5 42. Qg5+ Qxg5+ 43. hxg5 fxe4 44. Bxe4 Be3 45. g6 Bg5 46. Nc6 Kg8 47. Kh1 Rb3 48. Nxd6 Rxa3 49. Nf5 c4 50. d6 Ra1+ 51. Kg2 Rd1 52. Nce7+ 1-0

[Event "Albacete op 15th"]
[Site "Albacete"]
[Date "2007.09.03"]
[Round "2"]
[White "Valmana Canto, Jaime"]
[Black "Machado Hernandez, Junior"]
[Result "1-0"]
[WhiteElo "2346"]
[BlackElo "2022"]
[PlyCount "45"]
[EventDate "2007.09.02"]
[EventType "swiss"]
[EventRounds "9"]
[EventCountry "ESP"]
[SourceTitle "CBM 120 Extra"]
[Source "ChessBase"]
[SourceDate "2007.11.01"]
[SourceVersion "1"]
[SourceVersionDate "2007.11.01"]
[SourceQuality "1"]

1. e4 c5 2. Nc3 a6 3. Nge2 d6 4. d4 cxd4 5. Nxd4 Nf6 6. Be3 e5 7. Nf3 Be6 8. Ng5 Qc7 9. Nxe6 fxe6 10. Qf3 b5 11. Qh3 Qf7 12. Bd3 Nbd7 13. 0-0 Be7 14. f4 0-0 15. a4 b4 16. Bc4 d5 17. exd5 exd5 18. Nxd5 Nxd5 19. fxe5 N7f6 20. exf6 Bxf6 21. Rad1 Rad8 22. Qf3 Qd7 23. Rxd5 1-0